000 01137nam a22002537a 4500
005 20170124103210.0
010 _aA-228591
020 _c125.00
035 _aA-228591
037 _bCen Lib/Ret
040 _aDPL
_bHN
082 _a424
_bबृहत
245 _aबृहत हिन्दी पर्यायवाची शब्द-कोश /
_cसंपादक गोविन्द चातक
246 _aBrihat hindi paryayvachi shabd-kosh /
_bsampadak Govind Chatak
260 _aनई दिल्ली
_bतक्षशिला प्रकाशन
_c1985
270 _bनई दिल्ली
_a23/4762, अंसारी रोड, दरियागंज
_e110002
300 _a351पृ.
_c21सेमी(सजिल्द)
650 _aहिन्दी -- भाषा
_996195
650 _aहिन्दी -- कोश -- पर्यायवाची शब्द
_995510
650 _aHindi Language
_99446
650 _aHindi - Thesaurus - synonyms
_996196
700 _aचातक, गोविन्द
_996197
942 _2ddc
_cHN
_h424
_mबृहत
999 _c121286
_d121286